| 000 | 00752nam a2200217 a 4500 | ||
|---|---|---|---|
| 005 | 20240802063648.0 | ||
| 008 | 071002m19522004mx r 000 0 spa d | ||
| 020 | _a9686006443 | ||
| 035 | _aUPN01000152534 | ||
| 049 | _aCG | ||
| 050 | 4 |
_aLB1584.5 M6 _bB3.2 |
|
| 100 | 1 |
_aBasurto García, Carmen, _dn. 1904 _931986 |
|
| 245 | 1 | 0 |
_aAsambleas escolares : _bceremonias y festivales : conforme al calendario escolar / _cCarmen G. Basurto. |
| 260 |
_aMéxico : _bAvante, _c1952 (2004 impr.). |
||
| 300 |
_a295 p. : _bil. |
||
| 650 | 4 |
_aCivismo _xEstudio y enseñanza (Elemental) _92807 |
|
| 650 | 4 |
_aPATRIOTISMO - _xESTUDIO Y ENSEÑANZA (ELEMENTAL) _97998 |
|
| 650 | 4 |
_aNACIONALISMO Y EDUCACION _917538 |
|
| 650 | 4 |
_aPoesía escolar _91236 |
|
| 905 | _aLibro | ||
| 999 |
_c124657 _d124657 |
||